| 000 | 00992nam a22003017a 4500 | ||
|---|---|---|---|
| 001 | 5220 | ||
| 003 | FISKH | ||
| 005 | 20241120092643.0 | ||
| 008 | 241120b cb ||||| |||| 00| 0 eng d | ||
| 020 | _a078073004508 | ||
| 040 |
_aFISKH _beng _cFISKH _dFISKH |
||
| 050 | _aUB270.5 | ||
| 082 | _a355.3432082 | ||
| 100 | _aSullivan, George | ||
| 245 |
_aIn the Line of Fire : _b Eight Women War Spies / _cby George Sullivan |
||
| 250 | _aFirst Scholastic printing, March 1996 | ||
| 260 |
_aNew York : _bScholastic ; _c1996. |
||
| 300 |
_a118 pages : _billustrations ; _c20 cm . |
||
| 490 | _aScholastic Biography | ||
| 505 | _aZ | ||
| 520 | _aThe incredible stories of eight women spies whose adventures were exciting, ingenious, and often tragic, for they sometimes paid with their lives. | ||
| 521 | 8 |
_a1020
_bLexile |
|
| 521 | 8 |
_aZ
_bRaz-Plus |
|
| 650 |
_a famous women _vnon-fiction |
||
| 650 |
_abiography _vnon-fiction |
||
| 942 |
_2ddc _cBK _n0 |
||
| 999 |
_c5220 _d5220 |
||